000 01544nam0a2200313 4500
001 RU\NLR\bibl\1735429
005 20260628212011.0
010 _a978-5-7389-0864-4
_9100
021 _aRU
_b2011-2515
_9168
035 _a(NLR Aleph) 001726361
090 _a1371758
_c1371758
100 _a20110212d2010 u y0rusy50 ca
101 0 _arus
102 _aRU
105 _ay |||||||||
200 1 _aОрганизация мест хранения отходов
_eучебное пособие
_fИ.В. Гладун, Г.А. Волосникова, А.А. Черенцова
_gФедер. агентство по образованию, Гос. образоват. учреждение высш. проф. образования "Тихоокеан. гос. ун-т"
210 _aХабаровск
_cИзд-во ТОГУ
_d2010
215 _a67 с.
_d21
320 _aБиблиогр.: с. 60-62 (34 назв.)
606 1 _aПромышленные отходы
_jУчебные издания для высших учебных заведений
_xХранение
_92617692
_3RU\NLR\auth\661554252
686 _aЖ69я73-1
700 1 _aГладун
_bИ. В.
_gИгорь Владимирович
_4070
701 1 _aВолосникова
_bГ. А.
_gГалина Александровна
_4070
701 1 _4070
_7ca
_8rus
_aЧеренцова
_bА. А.
_gАнна Александровна
_3RU\NLR\AUTH\770294605
_92712027
801 0 _aRU
_bNLR
_c20110212
_gRCR
801 1 _aRU
_bNLR
_c20110212
942 _cBOOK
980 _aNB